| 000 | 00586nam a22002177a 4500 | ||
|---|---|---|---|
| 003 | OSt | ||
| 005 | 20140310181702.0 | ||
| 008 | 121119t xxu||||| |||| 00| 0 eng d | ||
| 020 | _a0416174426 | ||
| 050 |
_aPZ 7 _b.B661 1970 |
||
| 082 |
_aKF _bB62m 1970 |
||
| 100 |
_aBlyton, Enid _94844 |
||
| 245 |
_aThe Mystery of Tally-Ho Cottage _cby Enid Blyton |
||
| 260 |
_aLondon _bMethuen & Co. Ltd. _c1970 |
||
| 300 |
_a174 p. : _bill. ; _c19 cm. |
||
| 541 | _j1 | ||
| 562 | _e1 | ||
| 650 |
_aMystery stories--Fiction. _94156 |
||
| 650 |
_aFiction _9746 |
||
| 942 |
_2lcc _cBK-KF _kKF |
||
| 999 |
_c1242 _d1242 |
||